000 00478nam a2200181Ia 4500
003 GCL
008 140319s9999 xx 000 0 eng d
040 _aGCL /
_cGCL
082 0 4 _a843
_bD A
100 1 _aDURAS, MARGUERITE
245 1 0 _aL'AMANT DE LA CHINE DU NORD /
_cDURAS, MARGUERITE
260 _aفرنسا :
_bFOLIO ،
_c1995
300 _a20 CM ؛
_c249 P
490 _aCOLLECTION FOLIO
_v0
650 0 4 _aLITERATURE
650 0 4 _aFRENCH LITERATURE
942 _2ddc
_cBK
999 _c21949
_d21949